01015cam a22003974i 4500003000900000005001700009008004100026035001900067035001900086040003300105082002200138100003500160245006400195250002200259264005000281300003300331336002100364337002500385338002300410505003500433526001000468526001000478526000900488526000900497526000900506526000900515526000900524526000900533526000900542526000800551526000800559526000800567526000800575526000800583650002600591PE-LiUPU20250731165532.0150625s1980 pe a rb 000 0 spa d a(Sirsi) a30021 a(Sirsi) a30021 aPE-LiUPUbspacPE-LiUPUerda04a340.03bF634d2211 aFlores Polo, Pedro A.,eautor.10aDiccionario de términos jurídicos /cPedro Flores Polo. aPrimera edición 1aLima, Perú :bEditores Importadores,c1980. a2 tomos ;c20 centímetros. atext2rdacontent aunmediated2rdamedia avolume2rdacarrier0 aTomo 1: A - F.; Tomo 2: G - Z. aSEG44 aSEG26 aP151 aP150 aP149 aP146 aP145 aP126 aP125 aP92 aP75 aP74 aP27 aP15 0aDerechovDiccionarios